| 000 | 00905nam a2200181 a 4500 | ||
|---|---|---|---|
| 008 | 120416s1974 ||||||||||||||||| || u | ||
| 050 | _aHC 800 Sei | ||
| 100 | _aSeidman, Ann Willcox | ||
| 245 | 1 | 0 | _aPlanning for development in Sub - Saharan Africa |
| 260 |
_aNew York _bPraeger _c1974 |
||
| 300 | _axvii, 360p. : ill | ||
| 350 | _a0.00 | ||
| 650 | _aECONOMIC DEVELOPMENT PLANNING--AFRICA, SUB-SAHARAN | ||
| 650 | 0 | _aECONOMICS | |
| 995 |
_aANNEX COLLECTION (Main Library) _D0.00 _e709976 _FCBU-MAIN LIBRARY (Kitwe) _H3 _I0.00 _jHC 800 Sei _M3 _UAVAILABLE _y003307 _ZAnnex Low-Usage Collection |
||
| 995 |
_aANNEX COLLECTION (Main Library) _D0.00 _e715564 _FCBU-MAIN LIBRARY (Kitwe) _H2 _I0.00 _jHC 800 Sei _M2 _UAVAILABLE _y003305 _ZAnnex Low-Usage Collection |
||
| 995 |
_aANNEX COLLECTION (Main Library) _D0.00 _e715565 _FCBU-MAIN LIBRARY (Kitwe) _H1 _I0.00 _jHC 800 Sei _M1 _UAVAILABLE _y003306 _ZAnnex Low-Usage Collection |
||
| 999 |
_c81943 _d81943 |
||